000 00661nam a22002297a 4500
001 5651
003 BD-RjUL
005 20211208234114.0
008 140106s1993 ii ||| |||| 000 0 eng d
020 _a8171005799
035 _a(BD-RjUL)5690
040 _aBD-RjUL
_beng
_cBD-RjUL
041 _aeng
082 0 4 _a335.4
_bRAM
100 1 _aRamaswamy, Sushila
_917750
245 _aMarxist Theory of the State :
_bDictatorship of the Proletariat /
_cRamaswamy,Sushila
260 _aNew Delhi :
_bDeep and Deep Publicstions,
_cc1993
300 _aix, 180p. ;
_c21cm.
504 _aIncludes Index
650 0 7 _aMarxist Theory of the State
_917751
942 _2ddc
_cBK
999 _c5651
_d5651